<?xml version="1.0" encoding="UTF-8"?><?xml-stylesheet type="text/xsl" href="static/style.xsl"?><OAI-PMH xmlns="http://www.openarchives.org/OAI/2.0/" xmlns:xsi="http://www.w3.org/2001/XMLSchema-instance" xsi:schemaLocation="http://www.openarchives.org/OAI/2.0/ http://www.openarchives.org/OAI/2.0/OAI-PMH.xsd"><responseDate>2026-06-03T00:41:59Z</responseDate><request verb="GetRecord" identifier="oai:riuma.uma.es:10630/20253" metadataPrefix="marc">https://riuma.uma.es/rest/oai/request</request><GetRecord><record><header><identifier>oai:riuma.uma.es:10630/20253</identifier><datestamp>2026-02-03T10:21:58Z</datestamp><setSpec>com_10630_1685</setSpec><setSpec>col_10630_38055</setSpec></header><metadata><record xmlns="http://www.loc.gov/MARC21/slim" xmlns:dcterms="http://purl.org/dc/terms/" xmlns:doc="http://www.lyncode.com/xoai" xmlns:xsi="http://www.w3.org/2001/XMLSchema-instance" xsi:schemaLocation="http://www.loc.gov/MARC21/slim http://www.loc.gov/standards/marcxml/schema/MARC21slim.xsd">
   <leader>00925njm 22002777a 4500</leader>
   <datafield ind2=" " ind1=" " tag="042">
      <subfield code="a">dc</subfield>
   </datafield>
   <datafield ind2=" " ind1=" " tag="720">
      <subfield code="a">Serrano Hipólito, Daryl</subfield>
      <subfield code="e">author</subfield>
   </datafield>
   <datafield ind2=" " ind1=" " tag="260">
      <subfield code="c">2020-11-03</subfield>
   </datafield>
   <datafield ind2=" " ind1=" " tag="520">
      <subfield code="a">Diseño e implementación de un sistema Internet de las Cosas para el hogar, que permite&#xd;
registrar, controlar y calcular el consumo de energía eléctrica de los dispositivos de&#xd;
un hogar. Para realizar esta tarea, se han usado enchufes inteligentes con  firmware personalizado,&#xd;
utilizando a bajo nivel los sensores y actuadores de dichos enchufes inteligentes&#xd;
donde se conectan los dispositivos del hogar. Los datos de los sensores y los metadatos de&#xd;
los enchufes inteligentes se han almacenado en bases de datos Time Series Database y No&#xd;
Relacionales. Se ha empleado la API REST del precio de energía eléctrica para calcular&#xd;
el precio gastado por hora de los dispositivos. Se ha tenido diferentes maneras de automatizar&#xd;
el encendido o apagado de los enchufes inteligentes. El cliente puede acceder a la&#xd;
interfaz web del sistema que hemos diseñado, donde se muestra el estado de los enchufes&#xd;
y gráficas del valor de los sensores. Estas gráficas son dinámicas y reciben los datos a&#xd;
intervalos de tiempo programado. La interfaz web se comunica con un servidor web que&#xd;
provee una API REST. Los enchufes se interconectan por el protocolo MQTT y envían&#xd;
sus datos de los sensores a través de este protocolo. El sistema utiliza la tecnología de&#xd;
contenedores para eliminar dependencias, instalar, desplegar y manejar los componentes&#xd;
del sistema. Además se ha diseñado e implementado un flujo &#xd;
 de trabajo que testea la&#xd;
aplicación y la despliega a un repositorio de imágenes Docker.</subfield>
   </datafield>
   <datafield ind1="8" ind2=" " tag="024">
      <subfield code="a">https://hdl.handle.net/10630/20253</subfield>
   </datafield>
   <datafield tag="653" ind2=" " ind1=" ">
      <subfield code="a">Internet de las cosas</subfield>
   </datafield>
   <datafield tag="653" ind2=" " ind1=" ">
      <subfield code="a">Energía eléctrica - Consumo</subfield>
   </datafield>
   <datafield tag="653" ind2=" " ind1=" ">
      <subfield code="a">Domótica</subfield>
   </datafield>
   <datafield tag="653" ind2=" " ind1=" ">
      <subfield code="a">Informática - Trabajos Fin de Grado</subfield>
   </datafield>
   <datafield tag="653" ind2=" " ind1=" ">
      <subfield code="a">Grado en Ingeniería Informática - Trabajos Fin de Grado</subfield>
   </datafield>
   <datafield ind2="0" ind1="0" tag="245">
      <subfield code="a">Control de consumo energético usando Internet of Things</subfield>
   </datafield>
</record>
</metadata></record></GetRecord></OAI-PMH>